Sociálny fond
Čo je sociálny fond. Kto je povinný tvoriť sociálny fond a v akej výške. Aká je úprava tvorby a čerpania sociálneho fondu.
Salvato in:
| Autore principale: | |
|---|---|
| Natura: | Capitolo di libro |
| Lingua: | slovacco |
| Soggetti: | |
| Tags: |
Nessun Tag, puoi essere il primo ad aggiungerne!!
|
MARC
| LEADER | 00000naa a2200000 4500 | ||
|---|---|---|---|
| 001 | 0211971 | ||
| 005 | 20231120135630.4 | ||
| 041 | 0 | |a slo | |
| 044 | |a SK | ||
| 245 | 1 | 0 | |a Sociálny fond |c Lucia Boráková |
| 520 | |a Čo je sociálny fond. Kto je povinný tvoriť sociálny fond a v akej výške. Aká je úprava tvorby a čerpania sociálneho fondu. | ||
| 610 | 2 | 0 | |a fond sociálny |
| 100 | 1 | |a Boráková, Lucia | |